Quality assurance - complying with the new standards (Record no. 63532)
[ view plain ]
| 000 -LEADER | |
|---|---|
| fixed length control field | 00717cam a2200217 4500 |
| 001 - CONTROL NUMBER | |
| control field | ABS62377 |
| 008 - FIXED-LENGTH DATA ELEMENTS--GENERAL INFORMATION | |
| fixed length control field | 000000n2000 000 0 eng u |
| 035 ## - SYSTEM CONTROL NUMBER | |
| System control number | (Sirsi) u106060 |
| 100 ## - MAIN ENTRY--PERSONAL NAME | |
| Personal name | Watson, P. |
| 245 ## - TITLE STATEMENT | |
| Title | Quality assurance - complying with the new standards |
| 260 ## - PUBLICATION, DISTRIBUTION, ETC. | |
| Date of publication, distribution, etc. | 2000 |
| 490 ## - SERIES STATEMENT | |
| Series statement | Construction Information Quarterly |
| Volume/sequential designation | 2(1) 2000, 11-19(9) |
| 520 ## - SUMMARY, ETC. | |
| Summary, etc. | Discusses how to implement a quality management system within a construction company and how BS EN ISO 9000 can be used to achieve this. Reference. |
| 590 ## - LOCAL NOTE (RLIN) | |
| Local note | ABS |
| 650 ## - SUBJECT ADDED ENTRY--TOPICAL TERM | |
| Topical term or geographic name entry element | QUALITY MANAGEMENT |
| 650 ## - SUBJECT ADDED ENTRY--TOPICAL TERM | |
| Topical term or geographic name entry element | CONSTRUCTION COMPANIES |
| 650 ## - SUBJECT ADDED ENTRY--TOPICAL TERM | |
| Topical term or geographic name entry element | BS EN ISO 9000 |
| 690 ## - LOCAL SUBJECT ADDED ENTRY--TOPICAL TERM (OCLC, RLIN) | |
| Topical term or geographic name as entry element | QUALITY ASSURANCE |
| 700 ## - ADDED ENTRY--PERSONAL NAME | |
| Personal name | Watts, N. |
| 942 ## - ADDED ENTRY ELEMENTS (KOHA) | |
| Suppress in OPAC | 0 |
| Withdrawn status | Lost status | Source of classification or shelving scheme | Damaged status | Not for loan | Home library | Current library | Shelving location | Date acquired | Total Checkouts | Full call number | Barcode | Date last seen | Copy number | Price effective from | Koha item type |
|---|---|---|---|---|---|---|---|---|---|---|---|---|---|---|---|
| Dewey Decimal Classification | London | London | Journal article | 22/05/2000 | ABS62377 | 106060-1001 | 06/08/2019 | 1 | 06/08/2019 | Journal article |